MyGZULibrary

Disabled village children : (Record no. 1918)

MARC details
000 -LEADER
fixed length control field 01325cam a2200337 a 4500
001 - CONTROL NUMBER
control field 519137
003 - CONTROL NUMBER IDENTIFIER
control field GZU
005 - DATE AND TIME OF LATEST TRANSACTION
control field 20201023114708.0
008 - FIXED-LENGTH DATA ELEMENTS--GENERAL INFORMATION
fixed length control field 860616s1987 caua b 001 0 eng d
010 ## - LIBRARY OF CONGRESS CONTROL NUMBER
LC control number 86081738
020 ## - INTERNATIONAL STANDARD BOOK NUMBER
International Standard Book Number 0942364066
035 ## - SYSTEM CONTROL NUMBER
System control number (OCoLC)17012010
040 ## - CATALOGING SOURCE
Original cataloging agency GBruM
Transcribing agency GBruM
Modifying agency DLC
042 ## - AUTHENTICATION CODE
Authentication code lccopycat
043 ## - GEOGRAPHIC AREA CODE
Geographic area code d------
050 00 - LIBRARY OF CONGRESS CALL NUMBER
Classification number HV890.5
Item number .W47 1987
100 1# - MAIN ENTRY--PERSONAL NAME
Personal name Werner, David,
Dates associated with a name 1934-
245 10 - TITLE STATEMENT
Title Disabled village children :
Remainder of title a guide for community health workers, rehabilitation workers, and families /
Statement of responsibility, etc. by David Werner with the help of many friends ; drawings by the author.
250 ## - EDITION STATEMENT
Edition statement 1st ed.
260 ## - PUBLICATION, DISTRIBUTION, ETC.
Place of publication, distribution, etc. Palo Alto, CA :
Name of publisher, distributor, etc. Hesperian Foundation,
Date of publication, distribution, etc. 1987.
300 ## - PHYSICAL DESCRIPTION
Extent A1-12, 654 p. :
Other physical details ill. ;
Dimensions 28 cm.
504 ## - BIBLIOGRAPHY, ETC. NOTE
Bibliography, etc. note Includes bibliographical references (p. 637-642) and index.
590 ## - LOCAL NOTE (RLIN)
Local note LC copy: 1996 printing.
650 #0 - SUBJECT ADDED ENTRY--TOPICAL TERM
Topical term or geographic name entry element Children with disabilities
General subdivision Rehabilitation
Geographic subdivision Developing countries.
650 #0 - SUBJECT ADDED ENTRY--TOPICAL TERM
Topical term or geographic name entry element Rural children
General subdivision Health and hygiene
Geographic subdivision Developing countries.
650 #0 - SUBJECT ADDED ENTRY--TOPICAL TERM
Topical term or geographic name entry element Community health services for children
Geographic subdivision Developing countries.
906 ## - LOCAL DATA ELEMENT F, LDF (RLIN)
a 7
b cbc
c copycat
d 2
e opcn
f 19
g y-gencatlg
942 ## - ADDED ENTRY ELEMENTS (KOHA)
Source of classification or shelving scheme Library of Congress Classification
Koha item type Books
Classification part 890.5
Item part WER
Call number prefix HV
Call number suffix 1987
Holdings
Withdrawn status Lost status Damaged status Not for loan Collection code Home library Current library Shelving location Date acquired Total Checkouts Full call number Barcode Date last seen Copy number Price effective from Koha item type
        Non-fiction City Campus Library City Campus Library General Stacks 10/23/2020   HV890.5 WER 1987 B017748 10/23/2020 c.1 10/23/2020 Books